000 00412nam a2200145Ia 4500
008 100122s9999 xx 000 0 und d
082 _b38601
_a823
100 _aवाळिंबे शरच्चंद्र
245 _aचेकमेट
260 _bउदयदीप प्रकाशन
_c1905
300 _a296
630 _aचेकमेट
730 _aचेकमेट
942 _cBOOK
999 _c420714
_d420711